タイトルがカタカナ7文字の広義ボカロオリジナル曲(ニコ動再生数順TOP100) - Statistics

General Stats
  • This quiz has been taken 83 times
  • The average score is 18 of 100
Answer Stats
曲名 投稿年 % Correct
3 ゴーストルール 2016
73%
1 ローリンガール 2010
68%
5 カゲロウデイズ 2011
64%
8 メズマライザー 2024
64%
2 モザイクロール 2010
58%
7 ダーリンダンス 2020
55%
4 ドーナツホール 2013
53%
11 オーバーライド 2023
53%
13 ラビットホール 2023
48%
6 パンダヒーロー 2011
47%
14 ブリキノダンス 2013
47%
9 セツナトリップ 2012
41%
10 メランコリック 2010
35%
17 シリョクケンサ 2011
35%
12 ドラマツルギー 2017
33%
38 ストロボラスト 2011
33%
15 トリノコシティ 2010
32%
24 レミングミング 2017
30%
20 ラストリゾート 2019
26%
23 スロウダウナー 2018
26%
34 リレイアウター 2023
26%
36 ストラトステラ 2015
26%
19 アウトサイダー 2018
24%
22 メカクシコード 2011
24%
40 パノプティコン 2019
24%
61 ストロボライト 2011
24%
16 ハジメテノオト 2007
21%
25 オートファジー 2019
21%
26 プロトディスコ 2017
21%
21 ワンダーラスト 2009
18%
29 キャットフード 2010
18%
39 ハイドレンジア 2021
18%
44 ストロボナイツ 2007
18%
47 デイバイデイズ 2022
18%
49 ヤミタイガール 2020
18%
51 バラバラココロ 2018
18%
54 レイニーブーツ 2021
18%
59 タイニーバニー 2020
18%
28 ケッペキショウ 2012
17%
33 ハウトゥワープ 2015
17%
62 トリコロージュ 2022
17%
63 アイスドロップ 2021
17%
69 ハローマリーナ 2021
17%
71 パラレルラルラ 2022
17%
67 ネクストネスト 2014
15%
18 キレキャリオン 2016
14%
43 ニューダーリン 2021
14%
46 アストロノーツ 2011
14%
75 コスモスパイス 2022
14%
95 ハローストロボ 2010
14%
27 ディカディズム 2018
12%
32 リスキーゲーム 2011
12%
41 ジグソーパズル 2018
12%
45 ジッタードール 2012
12%
50 ジベタトラベル 2012
12%
56 イカサマダンス 2020
12%
58 オルソドクシア 2020
12%
66 アリストラスト 2012
12%
84 デンパラダイム 2013
12%
93 ビートシンカー 2018
12%
30 マチガイサガシ 2017
11%
31 ジャガーノート 2018
11%
52 ヨンジュウナナ 2014
11%
85 フロートプレイ 2023
11%
35 チェックメイト 2012
9%
53 ルートスフィア 2012
9%
60 チチンプイプイ 2020
9%
74 ゼロトーキング 2023
9%
37 イージーデンス 2012
8%
57 スティールユー 2022
8%
64 ドリームキラー 2014
8%
78 セブンティーナ 2018
8%
83 パスカルビーツ 2016
8%
92 ウオノエガール 2020
8%
42 アブソリュート 2019
6%
48 ミサイルキラー 2013
6%
72 ナキムシピッポ 2010
6%
76 スケベニンゲン 2012
6%
89 ユーベルコード 2018
6%
91 ゴーストダンス 2019
6%
99 ファムファタル 2021
6%
55 モノクロアクト 2008
5%
65 ロンリーダンス 2018
5%
80 ガールズトーク 2015
5%
81 ニトロベンゼン 2009
5%
100 ダストトレイル 2023
5%
68 オサナナブルー 2013
3%
70 タイムリミット 2007
3%
77 ハローラフター 2012
3%
82 キラークイーン 2019
3%
94 フォトンブルー 2016
3%
97 ミライゲイザー 2018
3%
73 トリノアイウタ 2010
2%
79 ピニャコラーダ 2017
2%
86 ヤクビョウガミ 2013
2%
87 フキゲンワルツ 2008
2%
90 サマーアイドル 2012
2%
96 ヘルシーエンド 2015
2%
98 アランスミシー 2021
2%
88 リトルパレード 2015
0%
No matching quizzes found
Score Distribution
Percent of People with Each Score
Percentile by Number Answered
Your Score History
You have not taken this quiz